<?xml version="1.0" encoding="UTF-8"?>
<record
    xmlns:xsi="http://www.w3.org/2001/XMLSchema-instance"
    xsi:schemaLocation="http://www.loc.gov/MARC21/slim http://www.loc.gov/standards/marcxml/schema/MARC21slim.xsd"
    xmlns="http://www.loc.gov/MARC21/slim">

  <leader>00760nam a2200181Ia 4500</leader>
  <controlfield tag="008">151202s9999||||xx |||||||||||||| ||und||</controlfield>
  <datafield tag="082" ind1=" " ind2=" ">
    <subfield code="b">PNVM-33358</subfield>
  </datafield>
  <datafield tag="100" ind1=" " ind2=" ">
    <subfield code="a">&#x938;&#x93E;&#x924;&#x935;&#x933;&#x947;&#x915;&#x930; &#x935;&#x938;&#x902;&#x924;.</subfield>
  </datafield>
  <datafield tag="245" ind1=" " ind2=" ">
    <subfield code="a">&#x92A;&#x941;&#x930;&#x941;&#x937;&#x93E;&#x930;&#x94D;&#x925; 1979 &#x90F;&#x92A;&#x94D;&#x930;&#x93F;&#x932; &#x924;&#x947; &#x938;&#x92A;&#x94D;&#x91F;&#x947;&#x902;&#x92C;&#x930;.</subfield>
  </datafield>
  <datafield tag="260" ind1=" " ind2=" ">
    <subfield code="b">&#x92A;&#x941;&#x930;&#x941;&#x937;&#x93E;&#x930;&#x94D;&#x925; &#x938;&#x94D;&#x935;&#x93E;&#x92F;&#x93E;&#x92F; &#x92E;&#x902;&#x921;&#x933; &#x92A;&#x93E;&#x930;&#x921;&#x940;.</subfield>
  </datafield>
  <datafield tag="260" ind1=" " ind2=" ">
    <subfield code="c">0</subfield>
  </datafield>
  <datafield tag="300" ind1=" " ind2=" ">
    <subfield code="a">0</subfield>
  </datafield>
  <datafield tag="600" ind1=" " ind2=" ">
    <subfield code="a">&#x938;&#x93E;&#x924;&#x935;&#x933;&#x947;&#x915;&#x930; &#x935;&#x938;&#x902;&#x924;.</subfield>
  </datafield>
  <datafield tag="630" ind1=" " ind2=" ">
    <subfield code="a">&#x92A;&#x941;&#x930;&#x941;&#x937;&#x93E;&#x930;&#x94D;&#x925; 1979 &#x90F;&#x92A;&#x94D;&#x930;&#x93F;&#x932; &#x924;&#x947; &#x938;&#x92A;&#x94D;&#x91F;&#x947;&#x902;&#x92C;&#x930;.</subfield>
  </datafield>
  <datafield tag="700" ind1=" " ind2=" ">
    <subfield code="a">&#x938;&#x93E;&#x924;&#x935;&#x933;&#x947;&#x915;&#x930; &#x935;&#x938;&#x902;&#x924;.</subfield>
  </datafield>
  <datafield tag="730" ind1=" " ind2=" ">
    <subfield code="a">&#x92A;&#x941;&#x930;&#x941;&#x937;&#x93E;&#x930;&#x94D;&#x925; 1979 &#x90F;&#x92A;&#x94D;&#x930;&#x93F;&#x932; &#x924;&#x947; &#x938;&#x92A;&#x94D;&#x91F;&#x947;&#x902;&#x92C;&#x930;.</subfield>
  </datafield>
  <datafield tag="942" ind1=" " ind2=" ">
    <subfield code="c">BOOK</subfield>
  </datafield>
  <datafield tag="999" ind1=" " ind2=" ">
    <subfield code="c">1299319</subfield>
    <subfield code="d">1299316</subfield>
  </datafield>
  <datafield tag="952" ind1=" " ind2=" ">
    <subfield code="0">0</subfield>
    <subfield code="1">0</subfield>
    <subfield code="4">0</subfield>
    <subfield code="7">0</subfield>
    <subfield code="a">PNVM</subfield>
    <subfield code="b">PNVM</subfield>
    <subfield code="d">2015-06-21</subfield>
    <subfield code="g">0.00</subfield>
    <subfield code="l">0</subfield>
    <subfield code="o">PNVM-33358</subfield>
    <subfield code="p">PNVM-33358</subfield>
    <subfield code="r">2015-12-02 00:00:00</subfield>
    <subfield code="v">0.00</subfield>
    <subfield code="w">2015-12-02</subfield>
    <subfield code="y">BOOK</subfield>
  </datafield>
</record>
